000 00460nam a2200169Ia 4500
008 230917s9999||||xx |||||||||||||| ||und||
020 _cRS 900.00
040 _e5000503
_aMAIN
041 _aEnglish
082 _a810.9 N164A
100 _aNarayan, Prabhu
245 0 _aAmerican literature: For NET/SLET/JRF exam
260 _aAgra
_bCurrent Publications
_c2018
300 _a278 p.
500 _a4293 04/01/2022 CP22/166 04/01/2022 Main Budget
942 _cBK
999 _c4001
_d4001